000 00494nam a2200193 4500
003 LK-CoMWRAF
005 20230828114848.0
008 230818b2004 |||||||| |||| 00| 0 eng d
020 _a0072549025
040 _aLK-CoMWRAF
_dLK-CoMWRAF
_eLK-CoMWRAF
041 _aeng
082 _a330
_bCOL
100 _aColander, David
245 _aEconomics
260 _aNew York:
_bMcGraw Hill,
_c2004
300 _axxxvi, 810 p.
_bGlossary and Index included.
650 _aECONOMICS
942 _n0
_cBK
999 _c3210
_d3210